00536 2200193 4500001002100000005001500021035002000036245007800056100003400134300002600168260003800194082001000232084001600242020002200258600001100280990001700291990001700308990001700325INLIS00000000000110120250806072421 a0010-08250000121 aMenjadi Disayang Dan Menjadi Kekasih Allah /cSyekh Abdul Qadir Al-Jilani0 aJilani, Syekh Abdul Qadir Al- a220 hlm ;c14 X 21 cm aYogyakarta :bC-Klik Media,c2024 a297.3 a297.3 JIL m a978-623-357-135-7 4aIbadah a3694/PP/2025 a3695/PP/2025 a3696/PP/2025